| 000 | 00000nam 2200000zi 4500 |
| 001 | 9.897453 |
| 003 | CaOODSP |
| 005 | 20240416153158 |
| 006 | m o d f |
| 007 | cr |n||||||||| |
| 008 | 210312e19820330onc o f000 0|eng d |
| 040 | |aCaOODSP|beng|erda|cCaOODSP |
| 043 | |an-cn--- |
| 086 | 1 |aC23-257/1982E-PDF |
| 245 | 00|aReport of the General Development Agreements Task Force / |cGovernment of Canada. |
| 264 | 1|a[Ottawa] : |b[Department of Regional Industrial Expansion], |cMarch 30, 1982. |
| 300 | |a1 online resource (1 volume (various pagings)) |
| 336 | |atext|btxt|2rdacontent |
| 337 | |acomputer|bc|2rdamedia |
| 338 | |aonline resource|bcr|2rdacarrier |
| 500 | |aDigitized edition from print [produced by Innovation, Science and Economic Development Canada]. |
| 500 | |aIssued also in French under title: Rapport du Groupe de travail chargé des ententes-cadres de développement. |
| 650 | 0|aEconomic assistance, Domestic|zCanada. |
| 651 | 0|aCanada|xEconomic conditions. |
| 710 | 1 |aCanada. |bDepartment of Regional Industrial Expansion, |eissuing body. |
| 775 | 08|tRapport du Groupe de travail chargé des ententes-cadres de développement / |w(CaOODSP)9.936902 |
| 856 | 40|qPDF|s787 KB|uhttps://publications.gc.ca/collections/collection_2024/isde-ised/c23/C23-257-1982-eng.pdf |